Panduan mengendalikan anak

Bibliographic Details
Main Author: Parkinson, C.Northcote
Format: Book
Published: Shah Alam : TIMES , 1994
Series:Keluarga & Kesihatan
Subjects:

MARC

LEADER 00000cam a2200000 7i4500
001 0000006570
005 20011026.0
020 |a 9679147428 
090 0 0 |a 649.1   |b PAR 
100 1 |a Parkinson, C.Northcote 
245 1 0 |a Panduan mengendalikan anak   |c C.Northcote Parkinson,M.K.Rustomji dan S.Pavri 
260 |a Shah Alam :   |b TIMES ,   |c 1994 
300 |a 114p. ;   |c 21cm. 
490 0 |a Keluarga & Kesihatan 
650 0 0 |a Childcre   |a Child development   |a Child rearing 
999 |a 039021   |b BUKU   |c PINJAMAN   |e PERPUSTAKAAN KOMUNITI PETALING JAYA 
999 |a 039022   |b BUKU   |c PINJAMAN   |e PERPUSTAKAAN KOMUNITI PETALING JAYA